000 00670nam a2200181Ia 4500
008 151018s9999 xx 000 0 und d
082 _bRBASDV24375
_a720
100 _aम प्र महाजन
245 _aसहकारी घरबांधणी निर्माण
250 _b3
260 _bराजेंद्र प्रकाशन ठाणे
_c1992
300 _a763
600 _aम प्र महाजन
630 _aसहकारी घरबांधणी निर्माण
700 _aम प्र महाजन
730 _aसहकारी घरबांधणी निर्माण
942 _cBOOK
999 _c1024020
_d1024017